LEADER 00969nas a2200241 i 4500 001 000000155309 003 CaOOAMICUS 005 20061120000000.0 008 061106b2006 fr uu u0 0mul r 013 $a132658 020 $a2-85021-175-8 040 $aSeMil$bita 245 10$a2006 : [2]. 260 $aParis :$bGabalda,$ccopyr. 2006. 300 $a202 p., 3. c. di tav. :$btabelle ;$c24 cm. 500 $aArticoli con sintesi in francese [Résumé] o in inglese [Summary] in testa. - Contiene : Sommaire du Volume précédent, 31/2006 ; Planches. 773 0 $tTranseuphratène.$dParis : Gabalda, 1989.$x0996-5904$w()3068 850 $aSeMil 852 $aSeMil$W1$xVenegono$y1$m40 5 32$j107146$B107146$CSeMilBibl$Z2$F117132 $85 961 $aAbbonamento: Gabalda 996 $6020$a2-85021-175-8$9(OLS)http://semarc/number/145318 996 $6245$a2006 : [2]$9(OLS)http://semarc/title/140716 996 $6260$aParis :$bGabalda$9(OLS)http://semarc/publisher/29624 LEADER 01150nam a2200241 i 4500 001 000000195669 003 CaOOAMICUS 005 20101223000000.0 008 101223s1993 it u000 u ita u 013 $a174348 020 $a88-7098-151-7 040 $aSeMil$bita 110 2 $aConferenza Episcopale Lombarda.$0(OLS)http://semarc/name/39450 245 10$aScriviamo a voi, "popolo per la vita" :$blettera dei Vescovi lombardi dopo il convegno regionale "Nascere e morire oggi" /$cConferenza Episcopale Lombarda. 260 $aMilano :$bCentro Ambrosiano,$ccopyr. 1993. 300 $a45 p. ;$c19 cm. 650 4$aVescovi lombardi - Documenti pastorali.$0(OLS)http://semarc/subject/33926 850 $aSeMil 852 $aSeMil$W1$xVenegono$y1$m5B XII 6/42$j146238$B146238$CSeMilBibl$Z2$F157762 $81 961 $aOmaggio: Altro 996 $6020$a88-7098-151-7$9(OLS)http://semarc/number/187435 996 $6245$aScriviamo a voi, "popolo per la vita" :$blettera dei Vescovi lombardi dopo il convegno regionale "Nascere e morire oggi"$9(OLS)http://semarc/title/282382 996 $6260$aMilano :$bCentro Ambrosiano$9(OLS)http://semarc/publisher/29766